=LDR 00000nam 2200000 4500 =001 INLIS000000000039996 =005 20130612145604 =008 ***********************************Ind** =035 ##$$0010-061300000039996 =041 ##$$a Ind =082 ##$$a 811 =090 ##$$a 811, Sur p.1 =100 ##$$a AG,Linus Suryati =245 ##$$a Pengakuan Pariyen =260 ##$$a 2009 $b Jakarta =300 ##$$a 314 hlm, 19 cm =700 ##$$a Wendie Artwenda =850 ##$$a NBPNMAT =990 ##$$a 0001/BPAP-NTB/2016 =990 ##$$a 0001/BPAP-NTB/2016